San Lorenzo Huipulco (Record no. 89097)

MARC details
000 -LEADER
campo de control de longitud fija 01795nam a2200445 i 4500
001 - NÚMERO DE CONTROL
campo de control MOR01000089417
003 - IDENTIFICADOR DE NÚMERO DE CONTROL
campo de control mxdfmo
005 - FECHA Y HORA DE LA ÚLTIMA TRANSACCIÓN
campo de control 20260331145416.0
007 - CAMPO FIJO DE DESCRIPCIÓN FÍSICA--INFORMACIÓN GENERAL
campo de control de longitud fija ta
008 - DATOS DE LONGITUD FIJA--INFORMACIÓN GENERAL
campo de control de longitud fija 081021s2007 dfmabeog bi 000 0dspa d
020 ## - NÚMERO INTERNACIONAL ESTÁNDAR DEL LIBRO
Número Internacional Estándar del Libro 970-682-305-0
035 ## - NÚMERO DE CONTROL DEL SISTEMA
Número de control de sistema 082492
040 ## - FUENTE DE CATALOGACIÓN
Centro catalogador/agencia de origen mxcmmo
Lengua de catalogación spa
Normas de descripción rda
Centro/agencia transcriptor mxcmmo
041 0# - CÓDIGO DE IDIOMA
Código de lengua del texto/banda sonora o título independiente spa
043 ## - CÓDIGO DE ÁREA GEOGRÁFICA
Código de área geográfica n-mx-df
082 04 - NÚMERO DE LA CLASIFICACIÓN DECIMAL DEWEY
Número de clasificación 972.537
Número de ítem SAN.l
245 00 - MENCIÓN DEL TÍTULO
Título San Lorenzo Huipulco
Resto del título : entrada a los pueblos del sur : recuperación de la identidad y la historia de un antiguo pueblo de Tlalpan/
Mención de responsabilidad, etc. coord. Esther Gallardo González, Gerardo Mora Jiménez ; presen. Juan Francisco Fuentes Rivas
264 #1 - PRODUCCIÓN, PUBLICACIÓN, DISTRIBUCIÓN, FABRICACIÓN Y COPYRIGHT
Producción, publicación, distribución, fabricación y copyright México :
Nombre del de productor, editor, distribuidor, fabricante Praxis,
Fecha de producción, publicación, distribución, fabricación o copyright 2007.
300 ## - DESCRIPCIÓN FÍSICA
Extensión 214 páginas:
Otras características físicas ilustraciones, mapas, plano, fotos;
Dimensiones 28 cm
336 ## - TIPO DE CONTENIDO
Término de tipo de contenido texto
Código de tipo de contenido txt
Fuente rdacontent
337 ## - TIPO DE MEDIO
Nombre/término del tipo de medio sin medio
Código del tipo de medio n
Fuente rdamedia
338 ## - TIPO DE SOPORTE
Nombre/término del tipo de soporte volumen
Código del tipo de soporte nc
Fuente rdacarrier
500 ## - NOTA GENERAL
Nota general Programa de Apoyo a Pueblos Originarios
650 #7 - PUNTO DE ACCESO ADICIONAL DE MATERIA--TÉRMINO DE MATERIA
Término de materia o nombre geográfico como elemento de entrada Historia oral
9 (RLIN) 14635
651 #7 - PUNTO DE ACCESO ADICIONAL DE MATERIA--NOMBRE GEOGRÁFICO
Nombre geográfico San Lorenzo Huipulco (Tlalpan (D.F.))
Subdivisión general Condiciones sociales
-- Historia
9 (RLIN) 153233
651 #7 - PUNTO DE ACCESO ADICIONAL DE MATERIA--NOMBRE GEOGRÁFICO
Nombre geográfico San Lorenzo Huipulco (Tlalpan (D.F.))
Subdivisión general Historia
9 (RLIN) 153234
651 #7 - PUNTO DE ACCESO ADICIONAL DE MATERIA--NOMBRE GEOGRÁFICO
Nombre geográfico San Lorenzo Huipulco (Tlalpan (D.F.))
Subdivisión general Vida social y costumbres
-- Historia
9 (RLIN) 153235
700 1# - ENTRADA AGREGADA--NOMBRE PERSONAL
Nombre de persona Fuentes Rivas, Juan Francisco
Término indicativo de función/relación prologuista
9 (RLIN) 153236
700 1# - ENTRADA AGREGADA--NOMBRE PERSONAL
Nombre de persona Gallardo González, Esther
Término indicativo de función/relación coordinador
9 (RLIN) 153237
700 1# - ENTRADA AGREGADA--NOMBRE PERSONAL
Nombre de persona Mora Jiménez, Gerardo
Término indicativo de función/relación coordinador
9 (RLIN) 153238
900 ## - ELEMENTOS DE DATOS A LOCAL, LDA (RLIN)
Nombre de persona BATCH-UPD
Numeración 40
Títulos y otros términos asociados al nombre 20120321
Lenguaje de la obra MOR01
-- 1719
900 ## - ELEMENTOS DE DATOS A LOCAL, LDA (RLIN)
Nombre de persona BATCH-UPD
Numeración Verónica Silva
Títulos y otros términos asociados al nombre 20120323
Lenguaje de la obra MOR01
-- 1753
900 ## - ELEMENTOS DE DATOS A LOCAL, LDA (RLIN)
Nombre de persona BATCH
Numeración 00
Títulos y otros términos asociados al nombre 20120322
Lenguaje de la obra MOR01
-- 1741
900 ## - ELEMENTOS DE DATOS A LOCAL, LDA (RLIN)
Nombre de persona GERMAN
Numeración 30
Títulos y otros términos asociados al nombre 20081014
Lenguaje de la obra MOR01
-- 1251
900 ## - ELEMENTOS DE DATOS A LOCAL, LDA (RLIN)
Nombre de persona GERMAN
Numeración 30
Títulos y otros términos asociados al nombre 20081021
Lenguaje de la obra MOR01
-- 1250
900 ## - ELEMENTOS DE DATOS A LOCAL, LDA (RLIN)
Nombre de persona KLASY
Numeración 30
Títulos y otros términos asociados al nombre 20081124
Lenguaje de la obra MOR01
-- 1255
900 ## - ELEMENTOS DE DATOS A LOCAL, LDA (RLIN)
Nombre de persona VOBO
Numeración 40
Títulos y otros términos asociados al nombre 20081124
Lenguaje de la obra MOR01
-- 1315
904 ## - ELEMENTOS DE DATOS D LOCAL, LDD (RLIN)
a UPDATE
942 ## - ELEMENTOS DE ENTRADA SECUNDARIOS (KOHA)
Código de la institución [OBSOLETO] BK
901 ## - ELEMENTOS DE DATOS A LOCAL LDA (RLIN)
a batch batch
Holdings
Estatus retirado Estado de pérdida Fuente del sistema de clasificación o colocación Estado de daño No para préstamo Colección Biblioteca de origen Biblioteca actual Ubicación en estantería Fecha de adquisición Fuente de adquisición Número de inventario Total de préstamos Signatura topográfica completa Código de barras Visto por última vez Precio de reemplazo Tipo de ítem Koha
    Clasificación Decimal Dewey     Formato Grande Biblioteca Instituto Mora Biblioteca Instituto Mora Regular 21/10/2008   115361   (L)/972.537 SAN.l 33068001213824 03/09/2024 03/09/2024 Libro préstamo regular